000 00279nam a22001217a 4500
003 SGT
082 _a617.96
_bU17D
100 _aDORSCH, JERRY A.
245 _aUNDERSTANDING ANESTHESIA EQUIPMENT
260 _aINDIA
_bWOLTER KLUWER
_c2017
300 _a1036
942 _2ddc
_cBK
_05
999 _c14826
_d14826